Textúra, štruktúra a úžitkové vlastnosti dreva návody na cvičenia

Bibliographic Details
Main Authors: Dubovský, Ján, 1948- (Author), Babiak, Marián, 1948- (Author), Čunderlík, Igor, 1949- (Author)
Format: Book
Language:Slovak
PhysicalDescription:106 s. ilustr. 30 cm
Published: Vo Zvolene Technická univerzita 2005
ISBN:8022815160
Edition:4. vyd.
Subjects:

MARC

LEADER 00000nam a2200000 a 4500
001 vtls008422916
003 SK-MaSNL
005 20260302004306.0
008 240318s2005 xo a d p 000 0 slo
015 |a SNBA2006/02-01091 
020 |a 8022815160  |q (brož.) 
035 |a 92B5B5AB-1C38-4C9C-8C07-FD9B73BEC181 
035 |a urn:nbn:sk:snk-amkuv5 
035 |a urn:nbn:sk:snk-am004czt 
040 |a SNK  |b slo  |c SNK  |e AACR2 
041 0 |a slo 
044 |a xo  |c SK 
072 7 |a 630  |x Lesníctvo  |2 konspekt 
072 7 |a 37.016  |x Učebné osnovy. Vyučovacie predmety. Učebnice  |2 konspekt 
080 |a 674.038.1  |2 1997 
080 |a (075.8)  |2 1997 
080 |a (076.5)  |2 1997 
080 |a 630.81  |2 1997 
100 1 |a Dubovský, Ján,  |d 1948-  |4 aut  |9 113333 
245 1 0 |a Textúra, štruktúra a úžitkové vlastnosti dreva  |b návody na cvičenia  |c Ján Dubovský, Marian Babiak, Igor Čunderlík 
250 |a 4. vyd. 
260 |a Vo Zvolene  |b Technická univerzita  |c 2005 
300 |a 106 s.  |b ilustr.  |c 30 cm 
504 |a Bibliogr. s. 105-106 
506 |a 300 výtl. 
650 0 7 |a drevo  |2 SNKPH  |9 3560 
650 0 7 |a vlastnosti dreva  |2 SNKPH  |9 66626 
650 0 7 |a štruktúra dreva  |2 SNKPH  |9 66625 
655 7 |a praktické cvičenia  |2 SNKPH  |9 70517 
655 7 |a učebnice vysokých škôl  |2 SNKPH  |9 70191 
700 1 |a Babiak, Marián,  |d 1948-  |4 aut  |9 36878 
700 1 |a Čunderlík, Igor,  |d 1949-  |4 aut  |9 113336 
752 |a Slovensko  |d Zvolen 
919 |a 80-228-1516-0 
968 |d 66/69 
999 |c 995335  |d 997265 
952 |a SNK  |b SNK  |y PREZ  |7 0  |p 17A0493611  |o snkSB 71528  |i snk2006/412  |8 0  |0 0  |1 0  |4 0  |d 2006-01-10  |l 0  |r 2025-04-23 00:00:00  |w 2026-02-24 
952 |a SNK  |b SNK  |y VYP  |7 0  |p 17A0493612  |o snkSB 71528 D1  |i snk2006/413  |8 0  |0 0  |1 0  |4 0  |d 2006-01-10  |l 0  |r 2016-06-30 00:00:00  |w 2026-02-24